000 00435nam a2200181Ia 4500
001 18492
005 20260306171634.0
008 260306s9999||||xx |||||||||||||| ||und||
041 _aESP
082 _a658.406
_bH48
100 _aHesselbein, Frances (coord.)
_eAUT
245 0 _aLa organización del futuro
260 _c2006
300 _a469 pƔginas :
_c23 cm.
650 _aGEN
654 _aCAN
942 _cLIB
_dJUS
_fJUS
_2ddc
_n
999 _c18492
_d18492